[Event "8th Dolomiti Open 2017"]
[Site "Forni di Sopra"]
[Date "2017.06.12"]
[Round "3"]
[White "Barp, Alberto"]
[Black "Anurag, Mhamal"]
[Result "1/2-1/2"]
[WhiteElo "2233"]
[BlackElo "2466"]
[Annotator "TA"]
[PlyCount "112"]
[EventDate "2017.??.??"]
[EventType "swiss"]
[EventCountry "ITA"]
[SourceTitle "playchess.com"]
[Source "ChessBase"]
[SourceQuality "1"]

{[%evp 21,112,18,37,10,34,13,7,10,0,0,22,14,29,36,38,39,36,0,0,0,0,0,0,0,0,0,0,-13,-5,-5,-5,-5,-5,-7,0,-848,-277,-257,-149,-157,-134,-336,-132,-187,-49,-48,-42,-43,-42,-42,-16,-17,-24,-16,-15,-15,-8,-9,0,0,0,0,0,0,0,0,0,0,0,0,0,0,0,0,0,0,0,0,0,0,0,0,0,0,0,0,0,0,0,0,0,0,0]} 1. d4 Nf6 2. c4 e6 3. g3 Bb4+ 4. Bd2 Qe7 5. Nf3 Nc6 6. Nc3 O-O 7. Bg2 Na5 {E11: Bogo-Indian} (7... d6 8. O-O a5 9. Rc1 Bxc3 10. Bxc3 e5 11. d5 Nb8 12. c5 Nbd7 13. cxd6 cxd6 14. Nd2 b5 15. b3 Nb6 16. e4 b4 17. Bb2 Ba6 18. Re1 {½-½ (32) Riazantsev,A (2671)-Bologan,V (2640) Doha 2016}) 8. b3 b6 9. Qc2 Bb7 10. O-O d5 11. cxd5 exd5 {LiveBook: 6 Games} 12. Bg5 Rfd8 $146 (12... h6 $5 {[%cal Rh6g5]} 13. Bxf6 Qxf6 $11) ({Predecessor:} 12... h6 13. Bxf6 Qxf6 14. Ne5 Rfd8 15. e3 {1-0 (43) Stefansson,H (2539)-Rusev,K (2539) Warsaw 2013}) 13. Rfc1 (13. a3 $5 Bxa3 14. Bxf6 gxf6 15. Nh4 $11) 13... h6 14. Bxf6 Qxf6 15. e3 Ba3 16. Rd1 a6 17. Rab1 c5 18. dxc5 bxc5 19. Ne1 {[%cal Rc3d5]} d4 20. Bxb7 Nxb7 21. exd4 cxd4 22. Ne4 Qf5 23. Qd3 Re8 24. f3 {Hoping for b4.} Nc5 $36 {[%mdl 2048] Black has some pressure.} 25. Nxc5 Qxc5 26. Nc2 {Black must now prevent b4.} Rac8 27. Rd2 (27. Nxd4 Rcd8 $17) 27... Bb4 28. Qxd4 $2 {[%mdl 8192]} (28. Nxb4 $11 Qxb4 29. Rbd1 (29. Qxd4 Qxd4+ 30. Rxd4 Rc2 $15)) 28... Qxd4+ $2 (28... Bxd2 29. Qxc5 Rxc5) 29. Rxd4 $19 Rxc2 (29... Bc5 $19 30. Kf1 Bxd4 31. Nxd4 Re3) 30. Rxb4 $11 {[%mdl 4096] Endgame [#] KRR-KRR} Ree2 $1 {And now ...Rg2+ would win.} 31. Rd4 $2 (31. Rh4 $17) 31... Kh8 $2 (31... Rxa2 $2 32. Rh4 $17) (31... Rxh2 $2 32. Ra4 $19) (31... Rg2+ $19 {has better winning chances.} 32. Kf1 Rcf2+ 33. Ke1 Rxa2) 32. a4 {[#]} (32. Rh4 $17 {is a better defense.}) 32... Kg8 ({Don't play} 32... Rxh2 33. g4 $17) ({Better is} 32... Rg2+ $1 $19 33. Kf1 Rxh2) 33. Rh4 $15 a5 {[%mdl 1024] Black has compensation.} 34. f4 $1 Kh7 35. f5 Rg2+ (35... Red2 {looks sharper.} 36. Kh1 f6 37. Rh3 Rd3 38. Kg1 Rf3) 36. Kh1 Rgf2 37. g4 Rc3 {The position is equal.} 38. g5 $1 Rxf5 39. gxh6 g5 40. Rc4 Rh3 {Threatening ...Rf2.} (40... Rcf3 {seems wilder.} 41. b4 axb4 42. Rcxb4 Kxh6 43. Ra1 Rf1+) 41. Kg2 Rxh6 (41... Rd3 {is interesting.} 42. b4 axb4 43. Rcxb4 Kxh6 44. h4 f6) 42. b4 axb4 43. Rbxb4 Rhf6 44. Rc2 Kg6 45. Ra2 Kh5 46. h3 Ra6 47. Rf2 Rxf2+ 48. Kxf2 $11 {KR-KR} f5 49. Rb5 f4 50. a5 Rc6 51. Rb8 Rc2+ 52. Kf3 $1 Rc3+ 53. Kg2 Rg3+ 54. Kf2 Ra3 (54... Rxh3 55. Rh8+ Kg4 56. Rxh3 Kxh3 57. a6 f3 58. a7 Kg4 59. a8=Q) 55. Ra8 Kg6 56. a6 Kg7 {Precision: White = 72%, Black = 46%.} 1/2-1/2

[Event "8th Dolomiti Open 2017"]
[Site "Forni di Sopra"]
[Date "2017.06.12"]
[Round "3"]
[White "Medancic, Rikard"]
[Black "Basso, Pier Luigi"]
[Result "0-1"]
[WhiteElo "2221"]
[BlackElo "2448"]
[Annotator "TA"]
[PlyCount "62"]
[EventDate "2017.??.??"]
[EventType "swiss"]
[EventCountry "ITA"]
[SourceTitle "playchess.com"]
[Source "ChessBase"]
[SourceQuality "1"]

{[%evp 9,62,-23,24,33,28,26,22,18,71,-32,-37,-35,-42,-42,-36,-31,-36,-59,-38,-81,-47,-50,8,-45,-47,-52,-55,-312,-312,-283,-165,-242,-256,-248,-245,-297,-300,-263,-172,-187,-191,-178,-184,-180,-189,-194,-202,-296,-248,-669,-694,-740,-734,-719,-716]} 1. b3 d5 2. Bb2 Nf6 3. f4 Bg4 (3... g6 4. Nf3 Bg7 5. e3 O-O 6. Be2 c5 7. O-O Nc6 8. d3 b6 9. Ne5 Bb7 10. Nd2 d4 11. Nxc6 Bxc6 12. e4 Rc8 13. Nc4 b5 14. Ne5 Bb7 15. a4 a6 16. axb5 axb5 17. Bf3 Nd7 18. Nxd7 Qxd7 {0-1 (65) Shytaj,L (2435)-Tregubov,P (2585) Doha 2016}) 4. h3 Bc8 $146 ({Predecessor:} 4... Bf5 5. Nf3 e6 6. e3 Ne4 7. g4 Be7 8. Bb5+ c6 9. gxf5 cxb5 10. fxe6 fxe6 11. Rg1 Nc6 12. Qe2 Bf6 {½-½ (12) Dearnley,A (2326)-Cretu,A (2311) ICCF email 2007}) 5. e3 Ne4 (5... e5 $5) 6. Qf3 {A03: Bird's Opening with 1...d5} e5 7. Ne2 exf4 8. exf4 {The position is equal.} Bc5 (8... Be7 $11 {remains equal.}) 9. d4 (9. Nbc3 $16) 9... Bb4+ $15 10. Nbc3 Bxc3+ 11. Bxc3 a5 12. O-O-O O-O 13. Bb2 a4 14. Nc3 axb3 (14... Nxc3 {is more complex.} 15. Qxc3 Bf5 16. bxa4 Re8 17. Kb1 Nd7) 15. axb3 Bf5 {[#]} (15... Nxc3 $1 $15 16. Bxc3 Bf5) 16. Bd3 ({White should try} 16. Nxd5 $1 $11 {[%mdl 512]} Qxd5 17. g4) 16... Nxc3 17. Bxc3 Bxd3 18. cxd3 $2 {[%mdl 8192]} (18. Rxd3 $15 Qd6 19. g4) 18... Qd6 $19 19. Qf2 Ra3 (19... Nc6 $142 20. Qb2 Qxf4+ 21. Kb1 Qd6) 20. Qb2 (20. Kb2 {keeps fighting.}) 20... Nc6 (20... Qxf4+ 21. Kc2) 21. Kc2 b5 {[%cal Bb7b5,Bb5b4][%mdl 32] White must now prevent ...b4.} 22. Bd2 b4 23. Ra1 Rfa8 24. Rxa3 bxa3 ({Don't do} 24... Rxa3 25. Ra1 $15) 25. Qc3 Qf6 26. Be3 h5 27. g4 Rb8 28. f5 (28. Kb1 $142) 28... Nb4+ 29. Kd2 $2 (29. Kb1) 29... Qd6 {Black is clearly winning.} 30. gxh5 Qg3 {[#] Strongly threatening ...Qg2+.} 31. Re1 a2 {Precision: White = 40%, Black = 76%.} 0-1

[Event "8th Dolomiti Open 2017"]
[Site "Forni di Sopra"]
[Date "2017.06.12"]
[Round "3"]
[White "Sgircea, Silvia-Raluca"]
[Black "Qendro, Llambi"]
[Result "0-1"]
[WhiteElo "2208"]
[BlackElo "2328"]
[Annotator "TA"]
[PlyCount "100"]
[EventDate "2017.??.??"]
[EventType "swiss"]
[EventCountry "ITA"]
[SourceTitle "playchess.com"]
[Source "ChessBase"]
[SourceQuality "1"]

{[%evp 24,100,60,51,58,16,74,33,111,111,108,112,119,68,68,77,173,83,77,67,86,85,85,69,79,0,0,0,0,0,0,-56,-50,-502,0,0,0,0,0,0,11,0,0,-9,0,0,0,-9,0,-17,14,-22,-6,-28,-14,-33,-33,-129,-122,-120,-84,-85,0,-204,-214,-214,-214,-173,-210,-194,-220,-692,-683,-530,-383,-1147,-1214,-1060,-1009]} 1. Nf3 g6 2. d4 Bg7 3. g3 d6 4. Bg2 Nf6 5. O-O O-O 6. c4 Nbd7 7. Nc3 e5 8. e4 exd4 9. Nxd4 Re8 10. h3 Nc5 11. Re1 Nfd7 {[%cal Bf6d7,Bd7e5,Be5d3][%mdl 32]} 12. Be3 {E68: King's Indian: Fianchetto: 6...Nbd7 7 0-0 e5 8 e4} Ne5 13. b3 {LiveBook: 18 Games} Bd7 (13... c6 14. Qc2 Ned3 15. Red1 Nb4 16. Qe2 a5 17. a3 Nba6 18. Qc2 Qe7 19. Rab1 f5 20. b4 axb4 21. axb4 Nxe4 22. Nxe4 fxe4 {½-½ (40) Lenic,L (2624)-Naiditsch,A (2657) Bled 2016}) 14. Kh2 $146 {White is slightly better.} ({Predecessor:} 14. Re2 a5 15. Rb1 f5 16. exf5 gxf5 17. Nd5 c6 18. Nf4 Ne4 19. Rc2 Ng6 20. Nde2 {½-½ (20) Schenderowitsch,M (2343)-Maier,C (2395) Germany 2017}) 14... h5 (14... a5 $11) 15. Qd2 $1 $16 Qc8 (15... c6 $14) 16. f4 Ned3 17. Red1 f5 {[%cal Rf5e4]} 18. exf5 (18. Rab1 $16) 18... Bxf5 $14 19. Rab1 {Threatens to win with Nd5.} a5 {[#]} (19... Nb4 $16) 20. a3 (20. Nd5 $1 $18 {has better winning chances.}) 20... a4 $16 21. Nxa4 Be4 22. Bxe4 Rxe4 23. Nxc5 Nxc5 24. Nc2 (24. Re1 $16) 24... Qe6 $11 25. Re1 Re8 $1 26. Kg2 Kh7 27. Bxc5 (27. a4 $11) 27... dxc5 $15 28. Qf2 $2 {[%mdl 8192]} (28. Kf1 $15) 28... Qc6 $2 ({Worse is} 28... Re2 29. Rxe2 Qxe2 30. Re1 $16) (28... Bc3 $19 29. f5 (29. Rxe4 $2 Qxe4+ 30. Kh2 Qd3 $19) 29... Bxe1 30. Rxe1 gxf5 31. Qxc5 Rxe1 32. Nxe1 Qxe1 33. Qxf5+ Kg7 34. Qg5+ Kf7 35. Qxh5+ Ke7 36. Qg5+ Kd7 37. Qf5+ Qe6) 29. Kg1 Bc3 {...Rxe1+ is the strong threat.} (29... Bd4 $5 30. Nxd4 cxd4 $11) 30. Rxe4 $1 Qxe4 31. Rd1 Qe6 32. Kg2 b6 33. Rd5 Qe4+ (33... c6 $5 34. Rd1 $8 b5 $11) 34. Kg1 c6 $36 {[%mdl 2048] Black has some pressure.} 35. Rd7+ Kh8 36. Rd1 Qe6 37. Kg2 b5 38. cxb5 cxb5 39. b4 (39. f5 $5 gxf5 40. Rf1 $11) 39... c4 {[%mdl 1024] Black has compensation.} 40. Kh2 ({White should play} 40. h4 $1 $15) 40... Qe2 41. Rf1 Qd3 42. Ne1 Qe2 (42... Qd1 $17 43. Ng2 Qd3) 43. Ng2 $2 {[#]} (43. Nc2 $1 $11 {and White is okay.}) 43... Qxf2 $1 $19 44. Rxf2 {[%mdl 4096] Endgame KRB-KRN} Ra8 45. f5 Rxa3 46. fxg6 Bxb4 {Strongly threatening ...Rd3.} 47. Nf4 $2 (47. Re2) 47... Be1 48. Rg2 Rf3 49. Nxh5 $2 (49. Nd5) 49... Bf2 50. Nf4 b4 {Precision: White = 30%, Black = 54%.} 0-1

[Event "8th Dolomiti Open 2017"]
[Site "Forni di Sopra"]
[Date "2017.06.12"]
[Round "3"]
[White "Dushyant Sharma"]
[Black "Remille, Tristan"]
[Result "0-1"]
[WhiteElo "2049"]
[BlackElo "2309"]
[Annotator "TA"]
[PlyCount "120"]
[EventDate "2017.??.??"]
[EventType "swiss"]
[EventCountry "ITA"]
[SourceTitle "playchess.com"]
[Source "ChessBase"]
[SourceQuality "1"]

{[%evp 14,120,47,43,40,23,67,20,16,-2,43,50,72,68,76,62,93,91,91,0,0,-8,0,-8,0,-18,69,-72,-72,-87,-84,-212,-230,-243,-220,-195,-185,-349,-356,-448,-527,-519,-524,-502,-483,-448,-285,-325,-264,-741,-752,-691,-691,-691,-691,-691,-691,-691,-691,-691,-691,-691,-691,-684,-499,-433,-498,-495,-432,-433,-433,-419,-419,-495,-503,-491,-486,-514,-503,-554,-504,-604,-624,-630,-628,-733,-748,-740,-741,-686,-606,-760,-744,-683,-537,-533,-532,-999,-974,-1006,-1118,-1047,-1015,-1734,-1600,-29980,-29981,-29985,-5115]} 1. e4 e6 2. d4 d5 3. Nc3 Bb4 4. e5 b6 5. a3 Bf8 6. Bd3 {C16: French: 3 Nc3 Bb4 4 e5: Lines without ...c5} (6. Nf3 Ne7 7. h4 h6 8. Bf4 Ba6 9. Bxa6 Nxa6 10. Qd3 Nb8 11. b4 Nd7 12. O-O c6 13. h5 a6 14. Ne2 c5 15. dxc5 bxc5 {½-½ (46) Kryvoruchko,Y (2708)-Jussupow,A (2583) Switzerland 2017}) 6... Ba6 7. Nf3 Ne7 8. Bxa6 {LiveBook: 3 Games. White is slightly better.} Nxa6 9. Qd3 Qc8 10. Ng5 $146 ({Predecessor:} 10. O-O h6 11. Bd2 c6 12. Ne2 Nb8 13. b3 Ng6 14. h4 h5 {1-0 (47) Van Leent,D (2201)-Franic,M (2421) Pula 2009}) 10... h6 11. Nh7 Qb7 12. Nxf8 Rxf8 13. Bd2 O-O-O 14. b4 {[%cal Bb2b4,Bb4b5][%mdl 32]} f6 15. b5 Nb8 {[%cal Ba6b8,Bb8d7,Bd7c5][%mdl 32]} 16. a4 (16. exf6 $16 Rxf6 17. Be3) 16... fxe5 $11 17. dxe5 Nd7 {aiming for ...d4.} 18. O-O Nc5 $36 {[%mdl 2048] Black has good play.} 19. Qh3 g5 (19... d4 $11 20. Na2 Qe4) 20. f3 ({Much weaker is} 20. Qxh6 Nf5 $15) (20. Na2 $1 $14) 20... Nf5 $17 21. Ne2 d4 $1 22. Bb4 {[#]} (22. Ng3 $17 {is a better defense.}) 22... Qd5 $1 $19 23. a5 Kb8 24. axb6 cxb6 25. f4 $2 (25. Ng3) 25... Ne3 26. Rf2 Nxc2 27. Bxc5 Qxc5 28. Rd1 Ne3 29. Rc1 Qd5 30. Re1 g4 ({Don't play} 30... Qxb5 {[#]} 31. Nxd4 $1 {[%mdl 512]} Rxd4 32. Qxe3 $19) 31. Qxh6 $2 (31. Qg3) 31... d3 {[%cal Bd4d3,Bd3d2][%mdl 32] Hoping for ...d2.} 32. Nc3 Qd4 33. Nd1 {[#]} g3 $1 {[%mdl 512]} 34. hxg3 Ng4 35. Qxe6 Nxf2 36. Nxf2 d2 37. Rd1 Qe3 {( -> ...Qe1+)} 38. Qc4 {If White can now play Qe4 this consolidates a bit.} Qxg3 39. e6 Qxf4 ({Weaker is} 39... Rxf4 40. Qe2 $19) 40. Qxf4+ Rxf4 {[%mdl 4096] Endgame KRR-KRN} 41. e7 Re8 42. Rxd2 Rxe7 43. g4 Re5 44. Rb2 Rd4 45. Kg2 Rdd5 46. Kg3 Rxb5 47. Ra2 Rb4 48. Ra3 a5 49. Kh4 Rd4 50. Nh3 Kb7 51. Ng5 Rd1 52. Nf3 Red5 53. Ra4 Rh1+ 54. Kg3 Rd3 {...Rf1 is the strong threat.} 55. Kg2 Rb1 56. Rf4 Rb4 57. Rf7+ Ka6 58. Kg3 a4 {[%cal Ba5a4,Ba4a3][%mdl 32]} 59. g5 a3 60. g6 Rd6 {Precision: White = 40%, Black = 68%.} (60... a2 $142 61. Rf8 Ra4 62. g7 a1=Q 63. Ra8+ Kb5 64. Rxa4 Kxa4 65. g8=R Qe5+ 66. Kh4 Rxf3 67. Rg4+ Kb3 68. Rg2 Qh8+ 69. Kg4 Qh3+ 70. Kg5 Qxg2+ 71. Kh6 Rh3#) 0-1

[Event "8th Dolomiti Open 2017"]
[Site "Forni di Sopra"]
[Date "2017.06.13"]
[Round "5.1"]
[White "Matamoros Franco, Carlos S"]
[Black "Rotstein, Arkadij"]
[Result "1/2-1/2"]
[WhiteElo "2478"]
[BlackElo "2499"]
[Annotator "TA"]
[PlyCount "32"]
[EventDate "2017.??.??"]
[EventType "swiss"]
[EventCountry "ITA"]
[SourceTitle "playchess.com"]
[Source "ChessBase"]
[SourceQuality "1"]

{[%evp 12,32,12,0,1,7,4,8,14,0,6,0,0,-19,0,0,0,1,17,0,0,-17,18]} 1. Nf3 c5 2. c4 Nc6 3. d4 cxd4 4. Nxd4 Nf6 5. Nc3 e6 6. a3 Be7 7. e4 {The position is equal.} O-O {A33: Symmetrical English: 2 Nf3 Nf6 3 d4 cxd4 4 Nxd4 e6 5 Nc3 Nc6} 8. Nf3 (8. Be2 d5 9. exd5 exd5 10. O-O Nxd4 11. Qxd4 dxc4 12. Qxd8 Rxd8 13. Bxc4 Bf5 14. Re1 Kf8 15. h3 Rac8 16. Ba2 Bc5 17. Bb1 Bxb1 18. Rxb1 {0-1 (48) Edouard,R (2626)-Vachier Lagrave,M (2803) chess.com INT 2017}) 8... Qc7 9. Be2 b6 10. O-O Bb7 11. Bg5 Rac8 12. Rc1 Qb8 13. Re1 {[#]} Rfd8 $146 ({Predecessor:} 13... h6 14. Bh4 d6 15. b4 {½-½ (15) Ftacnik,L (2533)-Rustemov,A (2602) Germany 2005}) 14. Bf1 d6 15. h3 h6 16. Bh4 Nh5 {Precision: White = 50%, Black = 56%.} 1/2-1/2

[Event "8th Dolomiti Open 2017"]
[Site "Forni di Sopra"]
[Date "2017.06.13"]
[Round "5.2"]
[White "Stany, G A"]
[Black "Anurag, Mhamal"]
[Result "1/2-1/2"]
[WhiteElo "2489"]
[BlackElo "2466"]
[Annotator "TA"]
[PlyCount "59"]
[EventDate "2017.??.??"]
[EventType "swiss"]
[EventCountry "ITA"]
[SourceTitle "playchess.com"]
[Source "ChessBase"]
[SourceQuality "1"]

{[%evp 14,59,-12,-17,-14,-10,-10,-27,-37,-34,0,-8,-7,-7,-6,-18,-27,-25,-19,-19,-18,-28,-10,-16,-15,-7,-12,-12,-10,-10,-13,-12,0,0,0,0,0,0,0,0,0,0,0,0,0,0,0,0]} 1. e4 e5 2. Nf3 Nc6 3. Bb5 {[%cal Bf1b5,Bb5a4,Ba4b3][%mdl 32]} a6 4. Ba4 Nf6 5. Qe2 b5 6. Bb3 Bc5 7. c3 O-O 8. d3 h6 {C77: Ruy Lopez: 3...a6 4 Ba4 Nf6, unusual lines} (8... Re8 9. h3 Bb7 10. Nbd2 Bb6 11. Nf1 d5 12. Ng3 Na5 13. Bc2 c5 14. O-O c4 15. dxc4 Nxe4 16. Nxe4 dxe4 {1-0 (48) Svidler,P (2751)-Mikhalevski,V (2528) Tallinn 2016}) 9. O-O Re8 10. Be3 Bf8 {Black has an edge.} 11. Nbd2 d5 12. a4 $146 {[#] Hoping for axb5.} ({Predecessor:} 12. Rfd1 Be6 13. Nf1 Qe7 14. Ng3 g6 15. Rac1 Na5 16. Bxd5 Nxd5 17. exd5 Bxd5 {½-½ (43) Fawzy,A (2483)-Kantor,G (2403) Porto Carras 2015}) 12... Be6 13. axb5 axb5 14. d4 dxe4 15. Nxe5 Bxb3 16. Nxc6 Qd5 17. Ne5 Bd6 18. Nxb3 {The position is equal.} Qxb3 19. Rxa8 Rxa8 20. Ng4 Nxg4 21. Qxg4 Qxb2 22. Qxe4 Ra1 (22... Ra5 $5 {[%cal Rb2c3]}) 23. g3 Kf8 24. Qc6 Rxf1+ 25. Kxf1 Qb1+ 26. Kg2 Qd3 27. Qd7 {[%cal Rd7d8] [#]} Qe4+ 28. Kg1 Qb1+ 29. Kg2 {[%cal Rd7d8]} Qe4+ 30. Kg1 {Precision: White = 76%, Black = 85%.} 1/2-1/2

[Event "8th Dolomiti Open 2017"]
[Site "Forni di Sopra"]
[Date "2017.06.13"]
[Round "5.3"]
[White "Bruno, Fabio"]
[Black "Castellanos Rodriguez, Renier"]
[Result "1/2-1/2"]
[WhiteElo "2427"]
[BlackElo "2488"]
[Annotator "TA"]
[PlyCount "34"]
[EventDate "2017.??.??"]
[EventType "swiss"]
[EventCountry "ITA"]
[SourceTitle "playchess.com"]
[Source "ChessBase"]
[SourceQuality "1"]

{[%evp 16,34,26,29,37,25,50,33,42,11,49,27,29,11,8,8,10,6,17,7,0]} 1. Nf3 Nf6 2. c4 e6 3. g3 d5 4. Bg2 Be7 5. O-O O-O 6. b3 a5 7. Bb2 Nbd7 8. d3 c6 9. Nc3 {LiveBook: 17 Games. A14: English Opening: 1...e6 with b3 by White} b6 10. Qc2 Bb7 11. Rac1 {White is slightly better.} Rc8 12. Qb1 c5 $146 ({Predecessor:} 12... Ba6 13. e4 b5 14. exd5 exd5 15. cxb5 cxb5 {1-0 (38) Djukic,Z (2370)-Abramovic,B (2480) Nis 1983}) 13. cxd5 Nxd5 14. Rfd1 Nxc3 {The position is equal.} 15. Bxc3 Bf6 16. d4 Qe7 17. Qb2 Rfd8 1/2-1/2

[Event "8th Dolomiti Open 2017"]
[Site "Forni di Sopra"]
[Date "2017.06.13"]
[Round "5.4"]
[White "Bellia, Fabrizio"]
[Black "Korneev, Oleg"]
[Result "0-1"]
[WhiteElo "2432"]
[BlackElo "2569"]
[Annotator "TA"]
[PlyCount "60"]
[EventDate "2017.??.??"]
[EventType "swiss"]
[EventCountry "ITA"]
[SourceTitle "playchess.com"]
[Source "ChessBase"]
[SourceQuality "1"]

{[%evp 28,60,37,45,53,35,39,0,0,-33,-34,-117,-135,-213,-222,-381,-357,-343,-286,-541,-544,-714,-449,-472,-441,-845,-855,-837,-828,-1317,-1317,-1302,-1320,-1286,-1295]} 1. e4 c5 2. Nf3 e6 3. d4 cxd4 4. Nxd4 a6 5. c4 Nf6 6. Nc3 Qc7 7. a3 b6 8. Be3 Bb7 9. f3 d6 10. Be2 Be7 11. O-O O-O {B41: Sicilian: Kan Variation: 5 c4} 12. Rc1 Nbd7 13. b4 {[%cal Bb2b4,Bb4b5][%mdl 32]} Rac8 14. Qd2 Qb8 15. Rfd1 {LiveBook: 108 Games} Bd8 {[%cal Be7d8,Bd8c7,Bc7g3][%mdl 32] [#]} 16. b5 $146 ({Predecessor:} 16. Kh1 Re8 17. Bg1 Bc7 18. Rb1 h5 19. Qe1 {½-½ (95) Nepomniachtchi,I (2714)-Kamsky,G (2683) Sochi 2015}) 16... a5 17. Na4 Nc5 18. Nxc5 dxc5 19. Nc2 ({Better is} 19. Nc6 $1 $15 Bxc6 20. bxc6) 19... Bc7 $17 20. g3 {[#]} (20. h3 $17) 20... Bxg3 $1 $19 21. hxg3 $2 (21. Bf1 Rcd8 22. Qe2) 21... Qxg3+ 22. Kf1 {[#] Threatening Bf4.} Ng4 $1 {[%cal Rg4h2][%mdl 512]} 23. Bg1 $2 (23. fxg4 {was forced.} f5 24. Bf2 fxg4 25. Qe3 Rxf2+ 26. Qxf2) 23... f5 {Black is clearly winning.} 24. e5 Qh3+ 25. Ke1 Qg2 26. Qg5 (26. Bf1 $142 Qxg1 27. Qg2 Qxg2 28. Bxg2) 26... Qxg1+ 27. Kd2 Qg3 28. Kc3 Qxe5+ 29. Kb3 {[#]} a4+ $1 30. Ka2 (30. Kxa4 Qc3) 30... Qxe2 {Precision: White = 14%, Black = 94%.} 0-1

[Event "8th Dolomiti Open 2017"]
[Site "Forni di Sopra"]
[Date "2017.06.13"]
[Round "5.5"]
[White "Henderson de La Fuente, Lance"]
[Black "Basso, Pier Luigi"]
[Result "1/2-1/2"]
[WhiteElo "2365"]
[BlackElo "2448"]
[Annotator "TA"]
[PlyCount "90"]
[EventDate "2017.??.??"]
[EventType "swiss"]
[EventCountry "ITA"]
[SourceTitle "playchess.com"]
[Source "ChessBase"]
[SourceQuality "1"]

{[%evp 9,90,59,63,58,54,55,68,42,49,50,76,27,28,33,40,22,43,37,52,-32,-30,-20,-3,-19,0,-13,0,0,0,0,4,0,56,11,14,13,63,40,65,59,40,45,45,0,43,43,43,37,43,39,41,29,46,44,22,0,0,0,0,0,0,0,5,5,5,4,8,0,0,0,0,0,21,0,17,16,16,16,44,18,56,37,38]} 1. e4 Nc6 2. Nf3 g6 3. d4 Bg7 4. d5 (4. Nc3 d6 5. h3 Nf6 6. Bb5 O-O 7. O-O a6 8. Bxc6 bxc6 9. Re1 Nd7 10. Bg5 h6 11. Bh4 Rb8 12. b3 c5 13. Nd5 g5 14. Bg3 e6 15. Ne3 cxd4 16. Nxd4 Bb7 {1-0 (46) Hansen,E (2584)-Bauer,C (2630) Rabat 2014}) 4... Nb8 5. Bd3 d6 6. h3 {B00: Queen's Fianchetto Defence, Nimzowitsch Defence} Nf6 7. c4 O-O 8. O-O c6 9. Nc3 a6 10. a4 a5 11. Be3 Na6 12. Rc1 Nb4 13. Bb1 e5 $146 ({Predecessor:} 13... Bd7 14. Qd2 Rc8 15. b3 Nh5 {1-0 (34) Lehto,A-Gunnlaugsson,G ICCF email 2004}) 14. dxc6 (14. Qd2 $14) 14... bxc6 $15 15. Qd2 Be6 16. Rfd1 Bxc4 17. Qxd6 Qxd6 18. Rxd6 Nh5 19. g3 Rfe8 20. Rd2 Rab8 (20... Nf6 $11) 21. Kg2 Bb3 22. Rd7 Be6 23. Ra7 Ra8 24. Rxa8 Rxa8 25. Ne2 Bb3 26. Nc3 (26. Nd2 $5 {[%cal Rd2b3]} Bxa4 27. Nc3 $14) 26... Rb8 27. Nd2 Be6 28. Ne2 Bf8 29. Nc4 Bxc4 $1 30. Rxc4 Ng7 31. Nc1 Ne6 32. Nd3 Nxd3 33. Bxd3 c5 34. Rc2 Rb4 35. Bc4 Nd4 36. Bxd4 cxd4 $11 {[%mdl 4096] Endgame KRB-KRB} 37. b3 Rb6 38. Kf1 Bb4 39. f4 exf4 40. gxf4 {[%cal Bg3f4,Bf4f5][%mdl 32]} Kg7 (40... Rd6 $5 {[%cal Rd4d3]}) 41. Rf2 Bc5 42. Rf3 Rb7 43. Ke2 Kh6 44. Kd3 Kh5 45. f5 f6 {Precision: White = 49%, Black = 58%.} 1/2-1/2

[Event "8th Dolomiti Open 2017"]
[Site "Forni di Sopra"]
[Date "2017.06.13"]
[Round "5.6"]
[White "Naumkin, Igor"]
[Black "Seresin, Francesco"]
[Result "1/2-1/2"]
[WhiteElo "2401"]
[BlackElo "2280"]
[Annotator "TA"]
[PlyCount "36"]
[EventDate "2017.??.??"]
[EventType "swiss"]
[EventCountry "ITA"]
[SourceTitle "playchess.com"]
[Source "ChessBase"]
[SourceQuality "1"]

{[%evp 15,36,0,47,27,24,0,15,-8,0,-12,-6,-27,23,-22,16,16,8,22,12,5,14,0,2]} 1. d4 d5 2. c4 dxc4 3. Nf3 a6 4. a4 Nf6 5. e3 e6 6. Bxc4 b6 7. O-O Bb7 8. Nc3 Nbd7 9. Qe2 {D24: Queen's Gambit Accepted: 3 Nf3 Nf6 4 Nc3} (9. e4 $5) 9... c5 10. h3 (10. Rd1 Qc7 11. h3 Bd6 12. dxc5 Nxc5 13. b4 Nce4 14. Nxe4 Nxe4 15. Bb2 O-O 16. Rac1 Qe7 17. b5 axb5 18. Bxb5 Rfc8 {½-½ (31) Kempinski,R (2612)-Lupulescu,C (2628) Achaea 2016}) 10... Qc7 $146 ({Predecessor:} 10... Bd6 11. b3 h6 12. Rd1 cxd4 13. exd4 O-O 14. d5 exd5 15. Nxd5 Re8 16. Nxf6+ Nxf6 17. Qd3 Bc5 18. Bb2 Qxd3 19. Rxd3 {½-½ (20) Vaitonis,V (2439)-Mamonovas,V (2451) ICCF email 2010}) 11. Bd2 Be7 12. Rac1 O-O 13. Ba2 Rac8 14. dxc5 Bxc5 {The position is equal.} 15. b4 Bd6 16. Nb5 Qb8 17. Nxd6 Qxd6 18. Rfd1 Rxc1 {Precision: White = 21%, Black = 48%.} 1/2-1/2